00628nam a2200133Ia 4500008004100000020001800041100001900059245004000078260003900118440003000157650001200187650025000199856004500449171212s9999 xx 000 0 und d a9780874214284 aBarney, Ronald cBarney, RonaldaOne Side By Himself bUniversity Press of Coloradoc2001 aWestern Experience Series aHistory aMormon pioneers -- West (U.S.) -- Biography; Mormon pioneers -- Utah -- Biography; Frontier and pioneer life -- West (U.S.); Frontier and pioneer life -- Utah; Mormon Church -- History -- 19th century; West (U.S.) -- Biography; Utah -- Biography uwww.jstor.org/stable/10.2307/j.ctt46nz1g